| 000 | 01423cam a2200301 a 4500 | ||
|---|---|---|---|
| 001 | 14434287 | ||
| 005 | 20070226194326.0 | ||
| 008 | 060630s2007 maua b 001 0 eng | ||
| 010 | _a 2006022077 | ||
| 020 | _a0205491251 (hardcover : alk. paper) | ||
| 020 | _a9780205491254 | ||
| 035 | _a(OCoLC)ocm70251213 | ||
| 040 |
_aDLC _cDLC _dBAKER _dC#P _dYDXCP _dOCLCQ _dDLC |
||
| 050 | 0 | 0 |
_aBF713 _b.B465 2007 |
| 082 | 0 | 0 |
_a155 _222 _bBER |
| 100 | 1 | _aBerk, Laura E. | |
| 245 | 1 | 0 |
_aDevelopment through the lifespan / _cLaura E. Berk. |
| 250 |
_a4th ed. _bInternational ed. |
||
| 260 |
_aBoston, MA : _bAllyn and Bacon, _cc2007. |
||
| 300 |
_a1 v. (various pagings) : _bill. (chiefly col.) ; _c29 cm. |
||
| 504 | _aIncludes bibliographical references (p. [R1]-R95) and indexes. | ||
| 650 | 0 |
_aDevelopmental psychology _vTextbooks. |
|
| 856 | 4 | 1 |
_3Table of contents only _uhttp://www.loc.gov/catdir/toc/ecip0616/2006022077.html |
| 942 |
_2ddc _cBB |
||
| 999 |
_c10922 _d10922 |
||